Central Library OPAC University of Rajshahi

The Dow Jones guide to the world stock market / (Record no. 58636)

MARC details
000 -LEADER
fixed length control field 01474nam a2200349 a 4500
001 - CONTROL NUMBER
control field 58636
003 - CONTROL NUMBER IDENTIFIER
rucl marc code BD-RjUL
005 - DATE AND TIME OF LATEST TRANSACTION
control field 20211209080637.0
008 - FIXED-LENGTH DATA ELEMENTS--GENERAL INFORMATION
fixed length control field 161219s1996 enkab 001 0 eng d
020 ## - INTERNATIONAL STANDARD BOOK NUMBER
International Standard Book Number 0133987361 (pbk)
035 ## - SYSTEM CONTROL NUMBER
System control number (OCoLC)31658157
System control number (OCoLC)ocm31658157
System control number (BD-RjUL)58760
System control number (NNC)1954514
040 ## - CATALOGING SOURCE
Original cataloging agency UKM
Transcribing agency UKM
Modifying agency EXP
-- PIT
-- OCL
Language of cataloging eng
041 ## - LANGUAGE CODE
Language code of text/sound track or separate title eng
082 04 - DEWEY DECIMAL CLASSIFICATION NUMBER
Classification number 332.6322
Edition number 20
Author mark and year DOW 1995
245 04 - TITLE STATEMENT
Title The Dow Jones guide to the world stock market /
Statement of responsibility, etc. by the editors of Dow Jones & Company, in association with Morningstar.
250 ## - EDITION STATEMENT
Edition statement 1996 ed.
260 ## - PUBLICATION, DISTRIBUTION, ETC. (IMPRINT)
Place of publication, distribution, etc. Englewood Cliffs, N.J. ;
-- London :
Name of publisher, distributor, etc. Prentice Hall,
Date of publication, distribution, etc. c1996.
300 ## - PHYSICAL DESCRIPTION
Pagination 761 p. :
Illustrations ill. ;
Size 23 cm.
500 ## - GENERAL NOTE
General note Previous ed.: 1995.
505 0# - FORMATTED CONTENTS NOTE
Formatted contents note Australia -- Austria -- Belgium -- Canada -- Denmark -- Finland -- France -- Germany -- Hong Kong -- Indonesia -- Ireland -- Italy -- Japan -- Malaysia -- Mexico -- The Netherlands -- New Zealand -- Norway -- Philippines -- Singapore -- South Africa -- South Korea --Spain -- Sweden -- Switzerland -- Taiwan -- Thailand -- United Kingdom -- United States.
650 #0 - SUBJECT ADDED ENTRY--TOPICAL TERM
Topical term or geographic name as entry element Stocks
Form subdivision Statistics.
9 (RLIN) 174255
Topical term or geographic name as entry element Corporations
General subdivision Finance
Form subdivision Statistics.
9 (RLIN) 174256
Topical term or geographic name as entry element Stock exchanges
Form subdivision Statistics.
9 (RLIN) 174257
Topical term or geographic name as entry element Corporations
Form subdivision Directories.
9 (RLIN) 174258
653 0# - INDEX TERM--UNCONTROLLED
Uncontrolled term Securities markets
710 2# - ADDED ENTRY--CORPORATE NAME
Corporate name or jurisdiction name as entry element Dow Jones & Co.
9 (RLIN) 174259
Corporate name or jurisdiction name as entry element Morningstar, Inc.
9 (RLIN) 174260
942 ## - ADDED ENTRY ELEMENTS (KOHA)
Source of classification or shelving scheme Dewey Decimal Classification
Koha item type Books
Holdings
Lost status Source of classification or shelving scheme Damaged status Not for loan Collection code Permanent Location Current Location Shelving location Date acquired Source of acquisition Cost, normal purchase price Total Checkouts Full call number Date last seen Copy number Koha item type
  Dewey Decimal Classification   Not For Loan Non-fiction Central Library, University of Rajshahi Central Library, University of Rajshahi   05/02/2008 Paragon Enterprises Dhaka 34.59   332.6322 DOW 1995 19/12/2016 C-1 Books